Visión de España : páginas escogidas por Erly Danieri /
Visión de España: páginas escogidas (1941) es una antología de ensayos y narraciones de Azorín, elegidas por Erly Danieri, una profesora argentina, a fin de servir como una serie de lecturas de apoyo para el estudio de la lengua castellana en la educación media. La selección está formada por pasajes...
Furkejuvvon:
| Váldodahkki: | |
|---|---|
| Eará dahkkit: | , |
| Materiálatiipa: | Girji |
| Giella: | espánnjágiella |
| Almmustuhtton: |
Buenos Aires, Argentina :
Espasa-Calpe,
1943, c1943
Buenos Aires, Argentina : 1941, c1941 |
| Ráidu: | (Austral ;
226) (Austral ; 230) |
| Fáttát: | |
| Fáddágilkorat: |
Eai fáddágilkorat, Lasit vuosttaš fáddágilkora!
|
MARC
| LEADER | 00000nam^a2200000^a^4500 | ||
|---|---|---|---|
| 001 | 000359917 | ||
| 005 | 20250521000000.0 | ||
| 009 | 20260310115408.879 | ||
| 037 | |a Acervo ITESO - Biblioteca | ||
| 041 | |a ESP | ||
| 082 | |a 808. |b AUS V. 226 | ||
| 100 | |a Azorín |e (autor) | ||
| 240 | 1 | 1 | |a [Visión de España, de Azorín] |
| 245 | 1 | 0 | |a Visión de España : |b páginas escogidas por Erly Danieri / |c Azorín ; selec. y presen. de E. Danieri. |
| 264 | 4 | |a Buenos Aires, Argentina : |b Espasa-Calpe, |c 1943, c1943 | |
| 264 | 4 | |a Buenos Aires, Argentina : |b Espasa-Calpe, |c 1941, c1941 | |
| 300 | |a 153, 160 p. | ||
| 336 | |a texto |b txt |2 rdacontenido | ||
| 337 | |a sin mediación |b n |2 rdamedio | ||
| 338 | |a volumen |b nc |2 rdasoporte | ||
| 440 | 1 | |a (Austral ; |v 226) | |
| 440 | 1 | |a (Austral ; |v 230) | |
| 520 | |a Visión de España: páginas escogidas (1941) es una antología de ensayos y narraciones de Azorín, elegidas por Erly Danieri, una profesora argentina, a fin de servir como una serie de lecturas de apoyo para el estudio de la lengua castellana en la educación media. La selección está formada por pasajes de Las confesiones de un pequeño filósofo (1904, novela autobiográfica); Tomás Rueda (ensayo literario); La ruta de Don Quijote (1905, ensayo literario); El paisaje de España visto por los españoles (1917, ensayos literarios); Los pueblos; Españoles en París; Doña Inés (1925, novela); Castilla (1912, ensayo); Al margen de los clásicos (1915, ensayos literarios); Lecturas españolas (1912, ensayos literarios); Los valores literarios (1914, ensayos literarios); Clásicos y modernos (1913, ensayos literarios) y En torno a José Hernández. | ||
| 545 | 0 | |a José Martínez Ruiz, Azorín (1873-1967), escritor español, miembro de la Generación del 98, influyó en la renovación de la prosa literaria moderna a través de sus ensayos y sus novelas; sus obras de teatro, de corte experimental, tuvieron poco éxito y no fueron populares. Creador de un estilo propio, cercano al impresionismo pictórico, con el empleo de frases cortas y de sintaxis simple, se centró más en las descripciones detallistas basadas en un amplio vocabulario y en las que, con frecuencia, aparecen arcaísmos, que en el argumento o en la narración. Su tono era melancólico y de añoranza hacia el pasado, con lo que logró una expresión íntima y personal. Su novelística travesó varias etapas, desde aquella en que predominan los motivos autobiográficos y las impresiones que deja el paisaje (Castilla y Valencia fueron temas constantes) para posteriormente ser vanguardista; por último, volvió a ser más narrativa. Sus ensayos trataron el paisaje, la tradición cultural y la realidad españoles. Fue autor, entre otros, de los libros de ensayos: Los pueblos (1905), Vidriera (1915), El paisaje de España visto por los españoles (1917), Una hora de España (1924), El cine y el momento (1953), Ejercicios de castellano (1960); de las novelas: La voluntad, Confesiones de un pequeño filósofo, Angelita y don Juan (1922), Doña Inés (1925). | |
| 545 | 0 | |a Pío Baroja (1872-1956), escritor de formación médico, considerado por los autores y críticos de su época, como uno de los novelistas españoles más importantes del siglo XX. Perteneciente a la llamada Generación del 98, en su obra realista e impresionista descriptiva, refleja su propio inconformismo social, creando personajes de diversos matices y profundidades psicológicas, con virtudes y defectos, que siempre luchan contra su realidad, pero que inevitablemente terminan derrotados física y moralmente por lo que rechazan; de ahí que sus historias se juzguen como pesimistas. Sus novelas, de capítulos cortos, lenguaje sencillo y natural, ágiles y amenas, están organizadas en trilogías y tetralogías, aunque las últimas obras del autor quedaron como títulos sueltos. Entre sus series destacan: Tierra Vasca (La casa de Aizgorri (1900), El mayorazgo de Labraz (1903), Zalacaín el aventurero (1908) y La leyenda de Jaun de Alzate (1922)); La Lucha por la Vida (La busca (1904), Mala hierba (1904) y Aurora roja (1904)); La Raza ( La dama errante (1908) y La ciudad de la niebla (1909) y El árbol de la ciencia (1911)); y El Mar ( Las inquietudes de Shanti Andía (1911); El laberinto de las sirenas (1923); Los pilotos de altura (1929) y La estrella del capitán Chimista (1930)). Ingresó a la Real Academia Española en 1935. | |
| 649 | |a XX | ||
| 650 | |a Español - |x Estudio y Enseñanza | ||
| 650 | |a Ensayos Españoles | ||
| 650 | |a Novela Española | ||
| 650 | |a Literatura Española - |y Generación del 98 | ||
| 650 | |a Literatura Española - |y Siglo XX | ||
| 650 | |a Prosa Poética | ||
| 650 | |a Crónicas Españolas | ||
| 650 | |a Literatura Española - |y Siglo XX | ||
| 650 | |a Literatura Española - |y Generación del 98 | ||
| 650 | |a Identidad Cultural - |z País Vasco, España | ||
| 650 | |a Prácticas Culturales - |z País Vasco, España | ||
| 650 | |a País Vasco, España en la Literatura | ||
| 740 | 0 | |a Fantasías vascas / |c P. Baroja. | |
| 700 | |a Danieri, Erly |e (selección y presentación) | ||
| 700 | |a Baroja, Pío |e (autor) | ||
| 910 | |a Fondo General | ||
| 920 | |a Impresos - Libros | ||
| 930 | |a Colección General | ||
| 940 | |a Literatura | ||
| 905 | |a 101 | ||
| 901 | |a 0500253299 |b IT1 |c LIT |i D71817 |u 20250521 | ||
| 902 | |a https://opac.biblio.iteso.mx/vufind/Record/000359917 | ||